000 01911nam a2200493Ii 4500
001 DIGEDIUOC960
003 NyNyDIG
006 m o d
007 cr |||||||||||
008 220317s2017 sp ob 000 0 spa d
035 _a(OCoLC)1027133985
040 _aDGITA
_beng
_erda
_epn
_cDGITA
020 _a9788490641484
_qeBook
_qpdf
020 _a9788490641491
_qeBook
_qePub
020 _z9788490293706
050 1 4 _aZ678 ebook
082 0 4 _a020
100 1 _aMartínez-Cañadas, Evelio,
_eauthor.
245 1 0 _aCuración de contenidos para bibliotecas /
_cEvelio Martínez-Cañadas.
250 _aPrimera edición en formato digital.
264 1 _aBarcelona :
_bEditorial UOC,
_c[2017]
300 _a1 online resource.
336 _atext
_btxt
_2rdacontent
337 _acomputer
_bc
_2rdamedia
338 _aonline resource
_bcr
_2rdacarrier
347 _atext file
_2rdaft
347 _bPDF
490 1 _aEl profesional de la información
504 _aIncludes bibliographical references.
588 0 _aOnline resource; title from PDF title page (Digitalia, viewed March 17, 2022)
650 0 _aLibraries and the Internet.
650 0 _aElectronic information resource literacy.
650 0 _aInternet in library reference services.
650 0 _aInternet searching.
650 0 _aLibraries
_xTechnological innovations.
655 0 _aElectronic books.
791 2 _aDigitalia (Firm),
_edistributor.
793 0 _gDigitalia eBook Collection:
_aUniversitat Oberta de Catalunya
776 0 8 _iPrint version:
_aMartínez-Cañadas, Evelio.
_tCuración de contenidos para bibliotecas.
_bPrimera edición en lengua castellana.
_dBarcelona : Editorial UOC, [2017]
_z9788490293706
830 0 _aProfesional de la información (2011) ;
_v42.
856 4 0 _3Digitalia Hispánica
_uhttps://www.digitaliapublishing.com/a/54840/
910 _aPremium collection: 2022
942 _cRAA
999 _c253894
_d253894